MATERNAL &NEONATOLOGY NSG.CAREPLAN (Record no. 2133)
[ view plain ]
| 000 -LEADER | |
|---|---|
| fixed length control field | 00328nam a2200121Ia 4500 |
| 008 - FIXED-LENGTH DATA ELEMENTS--GENERAL INFORMATION | |
| fixed length control field | 220530s9999 xx 000 0 und d |
| 100 ## - MAIN ENTRY--PERSONAL NAME | |
| Personal name | JACOB |
| 9 (RLIN) | 60475 |
| 245 ## - TITLE STATEMENT | |
| Title | MATERNAL &NEONATOLOGY NSG.CAREPLAN |
| 250 ## - EDITION STATEMENT | |
| Edition statement | FIRST |
| 260 ## - PUBLICATION, DISTRIBUTION, ETC. (IMPRINT) | |
| Place of publication, distribution, etc. | NAGPUR |
| Name of publisher, distributor, etc. | JAYPEE PUBLICATION,NAGPUR |
| Date of publication, distribution, etc. | 2004 |
| 650 ## - SUBJECT ADDED ENTRY--TOPICAL TERM | |
| Topical term or geographic name as entry element | CHILD HEALTH NURSING |
| 9 (RLIN) | 60476 |
| Withdrawn status | Lost status | Damaged status | Not for loan | Home library | Current library | Date acquired | Vendor | Cost, normal purchase price | Total Checkouts | Barcode | Date last seen | Date last checked out | Bill Date | Koha item type | Original Barcode |
|---|---|---|---|---|---|---|---|---|---|---|---|---|---|---|---|
| Sitabai Nargundkar College of Nursing Nagpur | Sitabai Nargundkar College of Nursing Nagpur | 15/10/2009 | TEXTBOOK DONATED JAYPEE BROTHERS | 150.00 | 2 | SNCN-BK-798 | 06/05/2025 | 28/04/2025 | 31/05/2022 | Donated Book | 798 |